| 000 | 01025nam a2200265 i 4500 | ||
|---|---|---|---|
| 003 | DO-SdBNP | ||
| 005 | 20230622145746.0 | ||
| 006 | a||||gr|||| 00| 0 | ||
| 007 | ta | ||
| 008 | 230621e2022 dr ao||| |||| 00| 0 spa d | ||
| 020 | _a9789945935707 | ||
| 040 |
_aDO-SdBNP _bspa _cBNPHU _erda |
||
| 082 | 4 |
_222 _bD278v |
|
| 245 | 0 | 0 |
_aDe la voz del Yuna a radiotelevisión Dominicana: _b80 aniversario de la radio y 70 de la televisión. / _cLeoncio Bisonó, compilador; corrección y edición: Piero Espinal Estévez. |
| 264 | 1 |
_aSanto Domingo : _bOPUS, _c2022 |
|
| 300 |
_a720 páginas : _bIlustraciones, fotografías ; _c25 cm. |
||
| 336 |
_2rdaconten _atexto _btxt |
||
| 337 |
_2rdamedia _asin medición _bn |
||
| 338 |
_2rdacarreir _avolumen |
||
| 500 | _aIncluye datos biográficos del autor en las solapas de las cubierta. | ||
| 500 | _aIncluye bibliografía y notas al pie de páginas. | ||
| 590 | _aInventariado 2023 / MF | ||
| 700 | 1 |
_93550 _aEspinal Estévez, Piero, _d1944 _ecorrección y edición |
|
| 942 |
_2ddc _cLBS1 |
||
| 999 |
_c53873 _d53873 |
||